00615 am a2200169 a 450000500170000000800410001702000150005804100080007311000150008124501030009625000110019926000380021030000110024850001410025965300210040065300240042120231221083337.0101006s1999||||ag d f |||| 000 0 spa d a9879675274 aspa1 aAFACIMERA. aEducación Médica. Desafíos y tendencias. bT.3 Educación y Servicio de Salud /cAFACIMERA. a1a ed. aBuenos Aires: bAFACIMERA;c1999. a103 p. aAFACIMERA. (1999) Educación médica. Desafíos y tendencias. T.3 Educación y Servicio de Salud. (1a ed.) Buenos Aires : AFACIMERA. aCiencias Medicas aFormación docente